5HLuxD.jpg

KING HENRY VIII SENIOR AND PRIMARY SCHOOL LIBRARY OPAC

RAINBOW MAGIC-MELODY THE MUSIC FAIRY (Record no. 4868)

000 -LEADER
fixed length control field 00379nam a22001337a 4500
008 - FIXED-LENGTH DATA ELEMENTS--GENERAL INFORMATION
fixed length control field 250416b ||||| |||| 00| 0 eng d
020 ## - INTERNATIONAL STANDARD BOOK NUMBER
International Standard Book Number 9781408348666
082 ## - DEWEY DECIMAL CLASSIFICATION NUMBER
Classification number 823.92 MEA
100 ## - MAIN ENTRY--PERSONAL NAME
Personal name MEADOWS,DAISY
Relator term AUTHOR
245 ## - TITLE STATEMENT
Title RAINBOW MAGIC-MELODY THE MUSIC FAIRY
260 ## - PUBLICATION, DISTRIBUTION, ETC.
Place of publication, distribution, etc. GREAT BRITAIN
Name of publisher, distributor, etc. ORCHARD BOOKS
Date of publication, distribution, etc. 2005
300 ## - PHYSICAL DESCRIPTION
Extent 70 pages
Other physical details b illustration
Dimensions 13cm x 20cm
942 ## - ADDED ENTRY ELEMENTS (KOHA)
Source of classification or shelving scheme
Holdings
Withdrawn status Lost status Source of classification or shelving scheme Damaged status Not for loan Collection code Permanent Location Current Location Shelving location Date acquired Full call number Barcode Date last seen Price effective from Koha item type Public note
          Fiction KH8 Primary School Library KH8 Primary School Library Fiction 2025-04-16 823.92 MEA KHPL000006723 2025-12-05 2025-04-16 Books - Fiction KH8 PRIMARY LIBRARY

Powered By KH8 IT Dept